00338nam a2200169Ia 4500003000900000008004100009040001300050040001300063041000800076100001300084245001200097250002000109260001400129260000900143300001000152490000600162IT-RoPAU120407s9999 xx 000 0 und d aIT-RoPAU cIT-RoPAU afra aBousset  aOeuvres aBruges (Belgio) aGallimard c1961 c17 cm v1